فنون عصر النهضة / (Record no. 61480)
[ view plain ]
| 000 -الفاتح | |
|---|---|
| حقل البيانات ثابتة الطول | 01005nam a22002297a 4500 |
| 005 - وقت وتاريخ اخر تعامل مع التسجيلة | |
| رقم الضبط | 20240530110501.0 |
| 008 - عناصر البيانات ثابتة الطول - معلومات عامة | |
| حقل البيانات ثابتة الطول | 150706s2011 ua coo f b 000 0 ara d |
| 040 ## - مصدر الفهرسة | |
| وكالة الفهرسة الأصلية | EG-CaGPL |
| 082 04 - رقم تصنيف ديوى العشرى | |
| رقم الطبعة | 21 |
| رقم التصنيف | 709.0332\ |
| رقم المادة | ث ف |
| 100 0# - المدخل الرئيسى - إسم شخصى | |
| الإسم الشخصى | ثروت عكاشه . |
| 245 10 - بيان العنوان | |
| العنوان | فنون عصر النهضة / |
| بيان المسئوليه,etc | ثروت عكاشه . |
| رقم الجزء/قسم العمل | جزء اول : |
| اسم جزء/قسم العمل | الرينيسانس |
| رقم الجزء/قسم العمل | جزء ثانى : |
| اسم جزء/قسم العمل | الباروك |
| رقم الجزء/قسم العمل | جزء ثالث : |
| اسم جزء/قسم العمل | الروكوكو |
| 250 ## - بيان الطبعة | |
| بيان الطبعة | ط3. |
| 260 ## - PUBLICATION, DISTRIBUTION, ETC. (IMPRINT) | |
| تاريخ النشر أو التوزيع | 2011 . |
| 300 ## - الوصف المادى | |
| التعداد | 3 جزء : |
| تفاصيل ماديه اخرى للوعاء | ايض ؛ |
| أبعاد الوعاء | 30 سم . |
| 504 ## - تبصرة ببليوجرافية | |
| تبصرة ببليوجرافية,الخ | يشتمل على ارجاعات ببليوجرافية |
| 650 04 - المدخل الاضافى بالموضوع-مصطلح موضوعى | |
| مصطلح موضوعي | الفن |
| التقسيم الفرعي العام | تاريخ و نقد |
| التقسيم الفرعي الزمني | عصر النهضة |
| 650 04 - المدخل الاضافى بالموضوع-مصطلح موضوعى | |
| مصطلح موضوعي | الفن |
| التقسيم الفرعي العام | تاريخ و نقد |
| -- | الروكوكو |
| 650 04 - المدخل الاضافى بالموضوع-مصطلح موضوعى | |
| مصطلح موضوعي | الفن |
| التقسيم الفرعي العام | تاريخ و نقد |
| -- | الرينيسانس |
| 650 04 - المدخل الاضافى بالموضوع-مصطلح موضوعى | |
| مصطلح موضوعي | الفن |
| التقسيم الفرعي العام | تاريخ و نقد |
| -- | الباروك |
| 942 ## - عناصر المدخل الإضافي( كوها) | |
| مصدر التصنيف او مخطط الترفيف | Dewey Decimal Classification |
| Koha [default] item type | كتاب |
| 260 ## - PUBLICATION, DISTRIBUTION, ETC. (IMPRINT) | |
| -- | القاهرة : |
| -- | الهيئة المصرية العامة للكتاب ، |
| حالة التراجع | حالة الفقد | حالة تلف | ليس للاعارة | المكان المؤقت | الموقع الحالى | تاريخ الاكتساب | اجمالي اﻻعارات | رقم الطلب | الباركود | تاريخ اخر مشاهدة | تاريخ تفعيل السعر | نوع وعاء كوها |
|---|---|---|---|---|---|---|---|---|---|---|---|---|
| مكتبة القاهرة الكبرى | مكتبة القاهرة الكبرى | 07/06/2015 | 709.0332\ ث ف | 160780 | 07/06/2015 | 07/06/2015 | كتاب | |||||
| مكتبة القاهرة الكبرى | مكتبة القاهرة الكبرى | 10/11/2015 | 709.0332\ ث ف | 160892 | 10/11/2015 | 10/11/2015 | كتاب | |||||
| مكتبة القاهرة الكبرى | مكتبة القاهرة الكبرى | 10/11/2015 | 709.0332\ ث ف | 160893 | 10/11/2015 | 10/11/2015 | كتاب |

